Dịch học giản yếu : (Diễn giải và ứng dụng) /
Quá trình phát huy Dịch học; Dịch lý là gì?; Phụ luận; Phần ứng dụng.
Gardado en:
| Autor Principal: | |
|---|---|
| Formato: | Libro |
| Idioma: | Vietnamese |
| Publicado: |
Tp.HCM :
Văn hoá - Thông tin,
2000.
|
| Những chủ đề: | |
| Các nhãn: |
Engadir etiqueta
Sen Etiquetas, Sexa o primeiro en etiquetar este rexistro!
|
| Thư viện lưu trữ: | Mạng thư viện Đại học Đà Nẵng |
|---|
| LEADER | 01144cam a2200349 a 4500 | ||
|---|---|---|---|
| 001 | 000044612 | ||
| 003 | 3014 | ||
| 005 | 20060504153542.0 | ||
| 008 | 010220b2000 vm 000 vie | ||
| 020 | |c 81000 | ||
| 040 | |a LRC |c LRC |d LRC | ||
| 041 | 0 | |a vie | |
| 082 | 1 | 4 | |a 133 |b LÊ-G |
| 100 | 1 | |a Lê Gia. | |
| 245 | 1 | 0 | |a Dịch học giản yếu : |b (Diễn giải và ứng dụng) / |c Lê Gia. |
| 260 | |a Tp.HCM : |b Văn hoá - Thông tin, |c 2000. | ||
| 300 | |a 622 tr. ; |c 24 cm. | ||
| 520 | 3 | |a Quá trình phát huy Dịch học; Dịch lý là gì?; Phụ luận; Phần ứng dụng. | |
| 630 | 0 | 4 | |a Dịch học. |
| 650 | 0 | 4 | |a Kinh Dịch. |
| OWN | |a DUT | ||
| AVA | |a UDN50 |b DUT |c Book |d 133 LÊ-G |e available |t Error 5001 Not defined in file expand_doc_bib_avail. |f 2 |g 0 |h N |i 0 |j SH |k 1 | ||
| 999 | |a From the UDN01 | ||
| AVA | |a UDN50 |b DUT |c Book |d 133 LÊ-G |e available |t Error 5001 Not defined in file expand_doc_bib_avail. |f 2 |g 0 |h N |i 0 |j SH |k 1 | ||
| TYP | |a Monograph | ||
| TYP | |a Printed language | ||
| 980 | |a Mạng thư viện Đại học Đà Nẵng | ||